[Event "ICS rated blitz match"]
[Site "204.178.125.65"]
[Date "2000.01.27"]
[Round "?"]
[White "StrongBach"]
[Black "Hossa"]
[Result "0-1"]
[WhiteElo "1868"]
[BlackElo "2342"]
[PlyCount "80"]

1. d4 e6 2. Bf4 d5 3. Qd2 Nf6 4. Nc3 Bb4 5. f3 c5 6. dxc5 Nc6 7. e4 d4 8. a3
Ba5 9. e5 Nd5 10. Nge2 dxc3 11. bxc3 Nxf4 12. Qxf4 Qc7 13. Rd1 Nxe5 14. Qd4 f6
15. Nf4 Bd7 16. Be2 Nc6 17. Qc4 Qe5 18. Rd3 g5 19. Nh3 O-O-O 20. Kf2 Rhe8 21.
Re3 Qc7 22. Qd3 e5 23. Ng1 Be6 24. Qb5 Rd2 25. c4 Rxc2 26. Re4 Bf5 27. Re3 Rd8
28. g4 Nd4 29. Qa4 Bd7 30. Qxc2 Nxc2 31. Rd3 Qxc5+ 32. Kg3 Nxa3 33. Rd5 Be1+
34. Kh3 Qf2 35. Rd1 Bxg4+ 36. fxg4 Rxd1 37. c5 Nc2 38. Nf3 Qxe2 39. Nd2 Rxd2
40. Rg1 Qxh2# 0-1

[Event "ICS rated standard match"]
[Site "204.178.125.65"]
[Date "2000.01.27"]
[Round "?"]
[White "PostModernist"]
[Black "Hossa"]
[Result "1-0"]
[WhiteElo "2394"]
[BlackElo "2258"]
[PlyCount "81"]

1. e4 c5 2. Nf3 d6 3. d4 cxd4 4. Nxd4 Nf6 5. Nc3 a6 6. Bg5 e6 7. f4 Be7 8. Qf3
Qc7 9. O-O-O Bd7 10. Bd3 h6 11. Bh4 Nc6 12. Nxc6 Bxc6 13. Bf2 O-O 14. g4 d5 15.
e5 Nd7 16. Ne2 Nc5 17. Bxc5 Bxc5 18. h4 Qa5 19. Kb1 Qb6 20. g5 d4 21. Be4 h5
22. Bxc6 bxc6 23. Qxh5 Rab8 24. b3 Qb4 25. g6 fxg6 26. Qxg6 Qc4 27. h5 d3 28.
Rxd3 Rfe8 29. Rdh3 Kf8 30. h6 Ke7 31. Qxg7+ Kd8 32. h7 Be7 33. h8=Q Qc5 34.
Qxe8+ Kxe8 35. Qg8+ Bf8 36. Rh7 Rb7 37. Rxb7 Qe7 38. Rxe7+ Kxe7 39. Rh7+ Ke8
40. Qxe6+ Be7 41. Qxe7# 1-0

[Event "ICS rated blitz match"]
[Site "204.178.125.65"]
[Date "2000.01.27"]
[Round "?"]
[White "Eli"]
[Black "Hossa"]
[Result "0-1"]
[WhiteElo "2209"]
[BlackElo "2339"]
[PlyCount "42"]

1. d4 e6 2. c4 f5 3. Nf3 d5 4. g3 dxc4 5. Bg2 a6 6. a4 c5 7. O-O cxd4 8. Nxd4
Bd6 9. Qc2 Bxg3 10. Qxc4 Qc7 11. Qxc7 Bxc7 12. f4 Nf6 13. Nc3 O-O 14. h3 Rd8
15. Be3 Kh8 16. Rad1 Re8 17. Rc1 Bd6 18. Rfd1 Nbd7 19. Ndb5 Bb8 20. Nd6 Bxd6
21. Rd2 Bb4 0-1

[Event "ICS rated blitz match"]
[Site "204.178.125.65"]
[Date "2000.01.27"]
[Round "?"]
[White "Hossa"]
[Black "Zippy"]
[Result "0-1"]
[WhiteElo "2349"]
[BlackElo "2237"]
[PlyCount "170"]

1. e4 c6 2. Nc3 d5 3. Nf3 Bg4 4. Be2 Bxf3 5. Bxf3 d4 6. Ne2 e5 7. d3 Nd7 8. c3
Ngf6 9. Rb1 h6 10. O-O g5 11. g3 c5 12. Qc2 Bd6 13. Bg2 Qb6 14. f3 Qa6 15. b3
b5 16. a3 Rd8 17. c4 b4 18. axb4 cxb4 19. Bd2 Qb6 20. Ra1 Nc5 21. Ra2 Rg8 22.
Rfa1 Bb8 23. Ra5 a6 24. Kh1 Bc7 25. Nc1 Rd6 26. Kg1 h5 27. Ne2 h4 28. g4 Nfd7
29. R5a2 Rf6 30. Bh1 Qb7 31. Bc1 Rgg6 32. Kf2 Bb6 33. Kf1 Bd8 34. Bd2 Bc7 35.
Qb1 Bd8 36. Ng1 Rc6 37. Nh3 Ne6 38. Nf2 Nf4 39. Ra4 a5 40. Bc1 Nc5 41. R4a2 Rh6
42. Kg1 h3 43. Rd2 Qc8 44. Qa2 Rh4 45. Rd1 Qd7 46. Qc2 Rg6 47. Qb2 Bc7 48. Ra2
Rc6 49. Qc2 Qc8 50. Ra1 Rg6 51. Qa2 Qd7 52. Rb1 Rhh6 53. Rd2 Rh7 54. Qb2 Rh4
55. Rd1 Bb6 56. Qa2 Bd8 57. Rb2 Rh7 58. Qa1 Rc6 59. Qb1 Rh4 60. Ra2 Rg6 61. Re1
Rc6 62. Qc2 a4 63. Qd2 axb3 64. Ra1 b2 65. Bxb2 Nb3 66. Qxb4 Nxa1 67. Rxa1 Ne2+
68. Kf1 Rb6 69. Qd2 Qb7 70. Ra2 Nf4 71. Qc1 Rhh6 72. Qd2 Ra6 73. Bc1 Qa7 74.
Rxa6 Rxa6 75. Qc2 Ra1 76. Qb2 Qa5 77. c5 Qc3 78. Qxc3 dxc3 79. Nd1 Rxc1 80. Kf2
Rxd1 81. d4 exd4 82. e5 Nd3+ 83. Ke2 Rd2+ 84. Kf1 c2 85. c6 c1=Q# 0-1

[Event "ICS rated blitz match"]
[Site "204.178.125.65"]
[Date "2000.01.27"]
[Round "?"]
[White "PostModernist"]
[Black "Hossa"]
[Result "1-0"]
[WhiteElo "2491"]
[BlackElo "2328"]
[PlyCount "121"]

1. d4 e6 2. c4 f5 3. Nc3 Nf6 4. Nf3 Bb4 5. Qb3 c5 6. dxc5 Bxc5 7. Bf4 Nc6 8. e3
Ne4 9. Nxe4 fxe4 10. Nd2 e5 11. Bg3 d6 12. Nxe4 Qa5+ 13. Nc3 O-O 14. Bd3 Nb4
15. Be4 Bf5 16. Bxf5 Rxf5 17. a3 Raf8 18. O-O Na6 19. Qxb7 R5f7 20. Qc6 Qb6 21.
Qxb6 Bxb6 22. Nb5 Rd8 23. Rad1 Rfd7 24. Bh4 Rc8 25. Rxd6 Rxd6 26. Nxd6 Rc6 27.
Rd1 Bc7 28. Be7 Bxd6 29. Bxd6 Rxc4 30. Bxe5 Rc2 31. Rd8+ Kf7 32. h3 Nc5 33. Ra8
g5 34. b4 Nd3 35. Rxa7+ Kg6 36. Ra6+ Kf5 37. Bg3 Re2 38. Rd6 Nb2 39. Kf1 Rc2
40. f3 Rc1+ 41. Kf2 Nd1+ 42. Ke2 Nxe3 43. Kxe3 Rc3+ 44. Kd4 Rc2 45. Rd5+ Kg6
46. f4 gxf4 47. Bxf4 Rxg2 48. Rg5+ Rxg5 49. Bxg5 Kf7 50. Ke5 Ke8 51. Ke6 Kf8
52. b5 Kg7 53. Bf6+ Kg6 54. b6 h6 55. b7 h5 56. b8=Q h4 57. Qg8+ Kh6 58. Qg7+
Kh5 59. Qg4+ Kh6 60. Qg5+ Kh7 61. Qg7# 1-0

[Event "ICS rated blitz match"]
[Site "204.178.125.65"]
[Date "2000.01.27"]
[Round "?"]
[White "Hossa"]
[Black "PostModernist"]
[Result "0-1"]
[WhiteElo "2319"]
[BlackElo "2500"]
[PlyCount "144"]

1. d4 Nf6 2. c4 e6 3. Nc3 Bb4 4. e3 c5 5. Nge2 d5 6. a3 Bxc3+ 7. Nxc3 cxd4 8.
exd4 dxc4 9. Bxc4 Nc6 10. Be3 O-O 11. O-O b6 12. Rc1 Bb7 13. Re1 Rc8 14. Bb3
Na5 15. Ba2 Nc4 16. Qa4 Nxe3 17. fxe3 Ng4 18. Qc2 Qd6 19. g3 Bf3 20. Qd3 Bc6
21. Rf1 Rfd8 22. Bb1 f5 23. Ba2 Kh8 24. Qe2 Qe7 25. Qe1 Qf6 26. Qe2 Qh6 27. Rf4
Re8 28. Bb1 g6 29. Rc2 e5 30. dxe5 Rxe5 31. Nd1 Qh3 32. Ba2 Rd8 33. Rd2 Rde8
34. Qf1 Qxf1+ 35. Rxf1 Nxe3 36. Nxe3 Rxe3 37. Bc4 R8e4 38. Kf2 b5 39. Be2 Re7
40. Rc1 R3e6 41. Rd8+ Kg7 42. Bd3 a6 43. Rc5 Kh6 44. Rf8 Rd7 45. Rc3 Be4 46.
Be2 Rd2 47. Re3 Rxb2 48. h3 Rd6 49. Kf1 a5 50. Kg1 Rdd2 51. Kf2 Bd3 52. Rfe8 a4
53. Kf3 Rxe2 54. Rxe2 Rxe2 55. Rxe2 Bxe2+ 56. Kxe2 b4 57. Kd2 b3 58. Kd3 g5 59.
h4 gxh4 60. gxh4 Kh5 61. Kd2 f4 62. Ke2 b2 63. Kd3 b1=Q+ 64. Kd4 Kxh4 65. Kc4
f3 66. Kd5 f2 67. Kd6 f1=Q 68. Kc7 Qbb5 69. Kd6 Qf6+ 70. Kc7 Qe7+ 71. Kc8 Qbd7+
72. Kb8 Qde8# 0-1

[Event "ICS rated blitz match"]
[Site "204.178.125.65"]
[Date "2000.01.27"]
[Round "?"]
[White "halilbeyli"]
[Black "Hossa"]
[Result "0-1"]
[WhiteElo "2039"]
[BlackElo "2311"]
[PlyCount "26"]

1. e4 c5 2. Nf3 d6 3. d4 cxd4 4. Nxd4 Nf6 5. Nc3 a6 6. Be2 e6 7. f4 Nc6 8. Nb3
d5 9. e5 Nd7 10. O-O Bb4 11. Be3 Bxc3 12. bxc3 b5 13. Nc5 Qb6 0-1

[Event "ICS rated blitz match"]
[Site "204.178.125.65"]
[Date "2000.01.27"]
[Round "?"]
[White "Beadle"]
[Black "Hossa"]
[Result "1-0"]
[WhiteElo "2498"]
[BlackElo "2318"]
[PlyCount "135"]

1. e4 c5 2. c3 e5 3. Nf3 Nc6 4. Bb5 Nf6 5. Qe2 Bd6 6. d3 a6 7. Ba4 Bb8 8. Be3
d6 9. Nbd2 O-O 10. O-O b5 11. Bb3 Bg4 12. Bg5 h6 13. Bxf6 Qxf6 14. Bd5 Rc8 15.
a4 b4 16. cxb4 Nd4 17. Qd1 Ra7 18. bxc5 Rxc5 19. Kh1 Rac7 20. h3 Nxf3 21. Nxf3
Bxf3 22. Qxf3 Qxf3 23. gxf3 Rc2 24. b4 Ba7 25. Bc4 Bd4 26. Rac1 Rb2 27. Rb1 Ra7
28. Rxb2 Bxb2 29. Kg2 Bd4 30. Kg3 Ra8 31. f4 g5 32. fxg5 hxg5 33. Kg4 Bc3 34.
b5 axb5 35. axb5 Kg7 36. Kxg5 Ra1 37. Rxa1 Bxa1 38. b6 Bd4 39. b7 Ba7 40. h4
f6+ 41. Kf5 Kh6 42. Ke6 Kg6 43. Kxd6 Kh5 44. Kc7 Kxh4 45. Be6 Kg5 46. Bh3 Kf4
47. Bg2 Kg4 48. b8=Q Bxb8+ 49. Kxb8 Kg5 50. Kc7 Kf4 51. Kd6 Kg5 52. Ke6 Kg6 53.
Bh3 Kg5 54. Bf5 Kf4 55. Kxf6 Kf3 56. Kxe5 Ke2 57. d4 Kd3 58. d5 Kc4 59. d6 Kc5
60. d7 Kb4 61. d8=Q Kc4 62. Be6+ Kc3 63. Qd1 Kb4 64. Qb3+ Kc5 65. Qd5+ Kb4 66.
Kd4 Ka4 67. Kc5 Ka5 68. Qa8# 1-0

[Event "ICS rated blitz match"]
[Site "204.178.125.65"]
[Date "2000.01.27"]
[Round "?"]
[White "Hossa"]
[Black "PeLiCaNNeS"]
[Result "1-0"]
[WhiteElo "2310"]
[BlackElo "2186"]
[PlyCount "27"]

1. e4 c6 2. d4 d5 3. exd5 cxd5 4. c4 Nf6 5. Nc3 e6 6. Nf3 Bb4 7. Bd3 O-O 8.
cxd5 Nxd5 9. Qc2 h6 10. O-O Nc6 11. Be3 Be7 12. Nxd5 Qxd5 13. a3 b6 14. Be4 1-0

[Event "ICS rated blitz match"]
[Site "204.178.125.65"]
[Date "2000.01.27"]
[Round "?"]
[White "PeLiCaNNeS"]
[Black "Hossa"]
[Result "0-1"]
[WhiteElo "2175"]
[BlackElo "2321"]
[PlyCount "72"]

1. Nf3 Nf6 2. g3 g6 3. Bg2 Bg7 4. O-O O-O 5. c4 d6 6. Nc3 e5 7. d3 Nc6 8. Rb1
Bg4 9. b4 Qd7 10. Bg5 Qf5 11. Bxf6 Qxf6 12. Nd5 Qd8 13. b5 Ne7 14. h3 Nxd5 15.
cxd5 Bd7 16. Qc2 Rc8 17. Rfc1 Bh6 18. e3 c6 19. bxc6 bxc6 20. dxc6 Rxc6 21. Qb3
Rxc1+ 22. Rxc1 Be6 23. Qb7 Qa5 24. Qe7 Qa3 25. Rc6 Qxd3 26. Rxd6 Qb1+ 27. Kh2
Qxa2 28. Nxe5 Qxf2 29. Qxa7 Bxe3 30. Qa1 Rb8 31. Rd1 Qc2 32. Rf1 Bd5 33. Nf3
Rb2 34. Ne1 Qxg2+ 35. Nxg2 Rxg2+ 36. Kh1 Ra2+ 0-1

[Event "ICS rated bullet match"]
[Site "204.178.125.65"]
[Date "2000.01.27"]
[Round "?"]
[White "Hossa"]
[Black "JSBach"]
[Result "1-0"]
[WhiteElo "2441"]
[BlackElo "2071"]
[PlyCount "119"]

1. e4 e5 2. Nc3 Nf6 3. Bc4 Bc5 4. Nf3 Nc6 5. d3 Qe7 6. Bg5 Bb4 7. O-O Bxc3 8.
bxc3 O-O 9. Qd2 Rb8 10. Be3 b5 11. Bd5 a6 12. Bxc6 dxc6 13. Ba7 Rb7 14. Be3 Bg4
15. Ne1 c5 16. f4 Rd8 17. Qf2 c4 18. fxe5 Nd7 19. d4 Qe6 20. h3 Nxe5 21. hxg4
Nxg4 22. Qf4 Nxe3 23. Qxe3 c6 24. Qg5 Re7 25. Rf4 f6 26. Qh5 Qd6 27. Rh4 g6 28.
Qh6 b4 29. Nf3 bxc3 30. a4 Rde8 31. e5 fxe5 32. Nxe5 Rf8 33. Rd1 Rf5 34. Rb1
Rf8 35. a5 Qe6 36. Rf4 Rxf4 37. Rb8+ Re8 38. Rxe8+ Qxe8 39. Qxf4 h5 40. Qf3 c5
41. Qd5+ Kg7 42. dxc5 Qe7 43. Qd7 Qxd7 44. Nxd7 Kf7 45. Nb8 Ke6 46. Kf2 Ke5 47.
Ke3 Ke6 48. Kd4 g5 49. Nxa6 Kd7 50. Kxc3 g4 51. Nb4 h4 52. a6 Kc7 53. Nd5+ Kb8
54. c6 h3 55. c7+ Kc8 56. a7 Kb7 57. a8=Q+ Kxa8 58. c8=Q+ Ka7 59. Qc7+ Ka8 60.
Nb6# 1-0

[Event "ICS rated blitz match"]
[Site "204.178.125.65"]
[Date "2000.01.27"]
[Round "?"]
[White "Hossa"]
[Black "Beadle"]
[Result "0-1"]
[WhiteElo "2331"]
[BlackElo "2485"]
[PlyCount "132"]

1. e4 Nc6 2. Nf3 e5 3. Bb5 a6 4. Bxc6 dxc6 5. Nc3 Bc5 6. Nxe5 Bxf2+ 7. Kxf2
Qd4+ 8. Kf1 Qxe5 9. d4 Qf6+ 10. Kg1 Be6 11. Be3 O-O-O 12. b4 Qg6 13. Qd3 Bh3
14. Qd2 Ne7 15. a4 Be6 16. b5 axb5 17. axb5 Bc4 18. bxc6 Nxc6 19. h4 h5 20. Rh3
Ba6 21. Qf2 Rd7 22. Rg3 Qh7 23. Rf3 f6 24. Rf5 Ne7 25. Rfa5 Qg6 26. Bc1 Nc6 27.
R5a4 Rhd8 28. Be3 Re7 29. Bf4 Qg4 30. Bd2 Rde8 31. Re1 Rd7 32. Rb1 Rd6 33. Be3
Rdd8 34. Rba1 Rf8 35. Bc1 Rfe8 36. R1a3 Rd6 37. Be3 Rdd8 38. Bd2 Rf8 39. d5 Ne5
40. Be3 Nc4 41. Ra1 Nxe3 42. Qxe3 Qxh4 43. e5 Qg5 44. Qh3+ f5 45. e6 Rfe8 46.
Rd1 c6 47. Rh4 g6 48. Rhd4 Rd6 49. dxc6 Rxd4 50. Rxd4 Rxe6 51. cxb7+ Bxb7 52.
Rc4+ Kd7 53. Rd4+ Ke8 54. Nb5 Qc1+ 55. Kh2 Re1 56. Nc7+ Ke7 57. Qh4+ g5 58.
Nd5+ Kf7 59. Qxh5+ Kg7 60. Qf3 Bxd5 61. Re4 Rh1+ 62. Kg3 Bxe4 63. Qc3+ Kg6 64.
Kf2 f4 65. Ke2 Qf1+ 66. Kd2 Qxg2# 0-1

[Event "ICS rated blitz match"]
[Site "204.178.125.65"]
[Date "2000.01.27"]
[Round "?"]
[White "Hossa"]
[Black "cxs"]
[Result "1-0"]
[WhiteElo "2322"]
[BlackElo "2074"]
[PlyCount "49"]

1. e4 d6 2. d4 g6 3. Nf3 Bg4 4. Bb5+ c6 5. Be2 Bg7 6. h3 Bxf3 7. Bxf3 Nd7 8.
O-O Ngf6 9. Bg5 O-O 10. c3 Qc7 11. Nd2 a5 12. Qe2 a4 13. Rfd1 b5 14. Rab1 Rab8
15. Rbc1 e5 16. Qe3 Rfe8 17. Bh6 Bh8 18. Qg5 c5 19. a3 Qa7 20. dxc5 dxc5 21. h4
Nf8 22. h5 Ne6 23. Qg3 Nd4 24. cxd4 cxd4 25. Qh4 1-0

[Event "ICS rated blitz match"]
[Site "204.178.125.65"]
[Date "2000.01.27"]
[Round "?"]
[White "Beadle"]
[Black "Hossa"]
[Result "1-0"]
[WhiteElo "2485"]
[BlackElo "2328"]
[PlyCount "129"]

1. d4 Nf6 2. Nf3 c5 3. d5 Qa5+ 4. Bd2 Qb6 5. Bc3 e6 6. dxe6 fxe6 7. e3 Nd5 8.
b3 Nxc3 9. Nxc3 Be7 10. Qd2 O-O 11. Bd3 d5 12. Ne2 Nc6 13. Nf4 g5 14. Nh5 g4
15. Ng1 c4 16. Bf1 cxb3 17. axb3 Qb4 18. f4 Bc5 19. Ra4 Qxd2+ 20. Kxd2 Ne7 21.
Bd3 Bd7 22. Ra2 Nf5 23. Bxf5 exf5 24. Ne2 Kf7 25. h3 Rae8 26. Nd4 Rg8 27. hxg4
Rxg4 28. g3 Kg6 29. c3 Kf7 30. Ra5 Rc8 31. b4 Be7 32. Rxd5 Rd8 33. Ke2 Bc8 34.
Ra5 Kg6 35. Rxa7 Re8 36. Ra5 Bd8 37. Rd5 Bc7 38. Kf2 h6 39. Rc5 Bb6 40. Rb5
Bxd4 41. exd4 Re4 42. Rc5 Re8 43. Rc7 Rg8 44. d5 b5 45. Rc6+ Kf7 46. Nf6 Bd7
47. Nxd7 Rxg3 48. Ne5+ Ke7 49. d6+ Kd8 50. Rc7 Rg2+ 51. Kf1 R2g7 52. Rxg7 Rxg7
53. Rxh6 Kc8 54. Rh8+ Kb7 55. Re8 Kb6 56. Re6 Rg8 57. d7+ Kb7 58. Re8 Rg4 59.
Nxg4 fxg4 60. d8=Q Kc6 61. Re5 g3 62. Re6+ Kb7 63. Re7+ Kc6 64. Qd7+ Kb6 65.
Qd6# 1-0

[Event "ICS rated blitz match"]
[Site "204.178.125.65"]
[Date "2000.01.27"]
[Round "?"]
[White "NonWimp"]
[Black "Hossa"]
[Result "1-0"]
[WhiteElo "2706"]
[BlackElo "2319"]
[PlyCount "105"]

1. e4 c5 2. Nf3 Nc6 3. d4 cxd4 4. Nxd4 e5 5. Nb5 d6 6. c4 a6 7. N5c3 f5 8. Bd3
fxe4 9. Nxe4 Nf6 10. Nxf6+ Qxf6 11. Nc3 Be6 12. Ne4 Qh4 13. g3 Qg4 14. f3 Qh5
15. Ng5 Bg8 16. h4 O-O-O 17. Be4 Bxc4 18. g4 Qe8 19. Nxh7 Be7 20. b3 Bg8 21.
Ng5 d5 22. Bf5+ Kb8 23. Qc2 Nd4 24. Qd3 Qf8 25. Rh3 Nxf5 26. gxf5 Bb4+ 27. Bd2
Bxd2+ 28. Qxd2 Qxf5 29. O-O-O Rc8+ 30. Kb2 Rh6 31. Rh2 Qf6 32. Qe3 Rc7 33. Rhh1
Rh5 34. Rde1 Re7 35. Qc3 Qf4 36. Rc1 Qd4 37. Qxd4 exd4 38. Rh2 Re5 39. f4 Rf5
40. Re2 Bh7 41. Re8+ Ka7 42. Rc7 Rxf4 43. Ree7 Rf2+ 44. Ka3 Rxh4 45. Rxb7+ Ka8
46. Rbd7 Rf8 47. Ne6 Bf5 48. Ra7+ Kb8 49. Reb7+ Kc8 50. Nc5 Kd8 51. Ra8+ Bc8
52. Rd7+ Ke8 53. Rxc8# 1-0

[Event "ICS Rated blitz match"]
[Site "204.178.125.65"]
[Date "2000.01.27"]
[Round "?"]
[White "Hossa"]
[Black "PostModernist"]
[Result "0-1"]
[WhiteElo "2316"]
[BlackElo "2531"]
[PlyCount "150"]

1. e4 c5 2. Nf3 Nc6 3. Nc3 Nf6 4. d4 cxd4 5. Nxd4 d6 6. Bb5 Bd7 7. Bg5 e6 8.
O-O Be7 9. Qd2 a6 10. Nxc6 Bxc6 11. Bxc6+ bxc6 12. Bxf6 Bxf6 13. Rad1 d5 14.
Qe3 d4 15. Qg3 Qb8 16. Ne2 Qxg3 17. Nxg3 Rb8 18. b3 g6 19. Rd2 h5 20. Rfd1 c5
21. Ne2 Kf8 22. a3 e5 23. Rd3 Kg7 24. R3d2 Bg5 25. Rd3 f6 26. Ng3 Rhc8 27. Rf3
a5 28. Ne2 c4 29. bxc4 Rb2 30. Rb3 Rxc2 31. Kf1 R8xc4 32. Rb5 Ra4 33. Rb7+ Kf8
34. Rb8+ Kf7 35. g3 Rxa3 36. h4 Raa2 37. Rb7+ Ke8 38. Re1 d3 39. hxg5 Rxe2 40.
Rxe2 dxe2+ 41. Ke1 fxg5 42. Rg7 h4 43. gxh4 gxh4 44. Rxg6 h3 45. Rh6 Kd7 46.
Rxh3 a4 47. Rc3 Ke7 48. Rc6 a3 49. Rc5 Ke6 50. Rc6+ Kd7 51. Ra6 Kc7 52. Ra5 Kb6
53. Ra8 Kc5 54. Ra4 Kb5 55. Ra7 Kb4 56. f3 Rb2 57. Ra6 a2 58. Ra8 Rb1+ 59. Kxe2
a1=R 60. Rb8+ Kc5 61. Rc8+ Kd6 62. Rd8+ Ke6 63. Re8+ Kf6 64. Rf8+ Ke7 65. Rf5
Kd6 66. Kd3 Ra3+ 67. Kc4 Rc1+ 68. Kb4 Ra8 69. Kb3 Rb8+ 70. Ka2 Rc2+ 71. Ka1 Rg8
72. Kb1 Rf2 73. Rf6+ Kc5 74. Rg6 Rxg6 75. f4 Rg1# 0-1

[Event "ICS Rated standard match"]
[Site "204.178.125.65"]
[Date "2000.01.27"]
[Round "?"]
[White "NonWimp"]
[Black "Hossa"]
[Result "1-0"]
[WhiteElo "2530"]
[BlackElo "2242"]
[PlyCount "133"]

1. e4 c5 2. Nf3 d6 3. d4 cxd4 4. Nxd4 Nf6 5. Nc3 a6 6. Bg5 e6 7. f4 h6 8. Bh4
Be7 9. Qf3 O-O 10. O-O-O Qa5 11. g4 Re8 12. g5 Nh7 13. Rg1 hxg5 14. fxg5 Nf8
15. Be2 Ng6 16. Bg3 Ne5 17. Bxe5 Qxe5 18. Kb1 Nc6 19. g6 Rf8 20. Qh3 fxg6 21.
Nf3 Qh5 22. Qg2 Bf6 23. Rxd6 Qc5 24. e5 Bxe5 25. Rd3 Bf6 26. Ne4 Qb4 27. Nxf6+
Rxf6 28. Ng5 Qb6 29. Ne4 Rf7 30. Rd6 Qa5 31. Qxg6 Qf5 32. Qg2 Qe5 33. Bg4 a5
34. Bh5 Rf8 35. Nc5 Nd4 36. Nd7 Bxd7 37. Rxd7 Nf5 38. Bg6 Nh4 39. Rxg7+ Kxg7
40. Qxb7+ Kf6 41. Be8 Ng2 42. Qxg2 Ra7 43. Qf2+ Ke7 44. Qxa7+ Kxe8 45. Qa8+ Ke7
46. Qb7+ Ke8 47. Rd1 Rf6 48. h4 Rf4 49. Qa8+ Kf7 50. Rd7+ Kg6 51. Qg8+ Kf5 52.
Rf7+ Ke4 53. Qg2+ Kd4 54. Qd2+ Kc4 55. Rxf4+ Kb5 56. Qd7+ Kb6 57. Rd4 Kc5 58.
Qa7+ Kc6 59. a4 Qxd4 60. Qxd4 Kc7 61. h5 Kc6 62. h6 e5 63. Qc4+ Kd7 64. h7 e4
65. h8=Q e3 66. Qg7+ Kd6 67. Qgc7# 1-0

[Event "ICS rated blitz match"]
[Site "204.178.125.65"]
[Date "2000.01.27"]
[Round "?"]
[White "Hossa"]
[Black "Malignus"]
[Result "1-0"]
[WhiteElo "2309"]
[BlackElo "2188"]
[PlyCount "55"]

1. e4 c5 2. Nf3 Nc6 3. d4 cxd4 4. Nxd4 g6 5. Nc3 Bg7 6. Be3 Nf6 7. Bc4 O-O 8.
Bb3 Ng4 9. Qxg4 Nxd4 10. Qd1 Nxb3 11. axb3 b6 12. Qd5 Bxc3+ 13. bxc3 Qc7 14.
Qd4 e5 15. Qd3 Bb7 16. f3 f5 17. Bh6 fxe4 18. fxe4 Rf7 19. Rf1 Rxf1+ 20. Kxf1
a5 21. Qf3 d6 22. Kg1 Qe7 23. Rf1 Re8 24. c4 Bc6 25. Rf2 Bb7 26. c3 Qe6 27.
Qf8+ Rxf8 28. Rxf8# 1-0

[Event "ICS rated blitz match"]
[Site "204.178.125.65"]
[Date "2000.01.27"]
[Round "?"]
[White "IdahoFlash"]
[Black "Hossa"]
[Result "0-1"]
[WhiteElo "1945"]
[BlackElo "2320"]
[PlyCount "120"]

1. e4 c5 2. Nf3 d6 3. d4 cxd4 4. Nxd4 Nf6 5. Nc3 Nc6 6. Be3 e6 7. Be2 d5 8.
Nxc6 bxc6 9. e5 Nd7 10. f4 Bb4 11. Bd2 O-O 12. O-O Rb8 13. Kh1 c5 14. a3 Bxc3
15. bxc3 f6 16. Bg4 Re8 17. exf6 Nxf6 18. Bf3 Ne4 19. Qe1 Ba6 20. Rg1 Rb2 21.
Bxe4 dxe4 22. Qc1 Rb7 23. Be3 Qa5 24. Qd2 Rd8 25. Qe1 Rf8 26. h3 Rbf7 27. Kh2
c4 28. g3 Rb8 29. Bd4 Bb7 30. Qe3 Bc6 31. Rgb1 Rbf8 32. Rf1 Ra8 33. Bc5 Rc8 34.
Bb4 Qa4 35. Rac1 a5 36. Bc5 Rb8 37. Bd4 Rb2 38. Be5 Qxa3 39. Qd4 Bd5 40. Rf2
Qf8 41. Rcf1 g6 42. Qe3 Qe8 43. g4 Bb7 44. g5 Qf8 45. Bf6 Qc8 46. Be5 a4 47.
Ra1 Qc6 48. Ra3 Rb1 49. Bd4 Rf5 50. h4 Rd1 51. Rg2 Rf1 52. Be5 Rf8 53. Qe2 Rb1
54. Qe3 Rb5 55. Qg3 Rb2 56. Re2 Rb1 57. Ra2 Rf1 58. Qe3 Rd8 59. Rf2 Rxf2+ 60.
Qxf2 e3 0-1

[Event "ICS rated standard match"]
[Site "204.178.125.65"]
[Date "2000.01.27"]
[Round "?"]
[White "Hossa"]
[Black "Z-JOKER"]
[Result "1-0"]
[WhiteElo "2237"]
[BlackElo "2200"]
[PlyCount "36"]

1. d4 f5 2. g3 Nf6 3. c4 g6 4. Bg2 Bg7 5. Nf3 O-O 6. O-O d5 7. cxd5 Nxd5 8. Nc3
e6 9. Bg5 Qd6 10. Qd2 Nc6 11. Bh6 Nxc3 12. bxc3 e5 13. Bxg7 Kxg7 14. Rab1 e4
15. Ng5 h6 16. Nh3 Na5 17. e3 Be6 18. Rfe1 Qc6 1-0

[Event "ICS rated standard match"]
[Site "204.178.125.65"]
[Date "2000.01.28"]
[Round "?"]
[White "PostModernist"]
[Black "Hossa"]
[Result "1-0"]
[WhiteElo "2404"]
[BlackElo "2238"]
[PlyCount "125"]

1. Nf3 Nf6 2. g3 g6 3. b3 Bg7 4. Bb2 b5 5. Bg2 d5 6. Nc3 c6 7. a4 b4 8. Na2 a5
9. O-O O-O 10. d4 Bf5 11. c3 bxc3 12. Nxc3 Nbd7 13. Nh4 Bg4 14. h3 Be6 15. Nf3
Qb6 16. Ng5 Rab8 17. Ra3 c5 18. dxc5 Qxc5 19. Ra1 Bh6 20. Nxe6 fxe6 21. Nb5 Qc6
22. Bc3 Rxb5 23. Bxf6 Rbb8 24. Bxe7 Rf7 25. Ba3 Qb6 26. Rb1 Bg7 27. e3 Bf8 28.
Bc1 Bc5 29. Re1 Bb4 30. Re2 Bc3 31. Rc2 Bg7 32. Bd2 Nc5 33. Rcc1 Nxb3 34. Bxa5
Qxa5 35. Rxb3 Rbf8 36. Rb5 Qa7 37. Qg4 Qa6 38. Rf1 Qc6 39. f4 Ra8 40. Rfb1 Rxa4
41. Rb6 Qc5 42. Qxe6 Re4 43. Bxe4 Qxe3+ 44. Kh2 dxe4 45. h4 Qd2+ 46. Kh3 Qa5
47. R6b5 Qc3 48. Rb8+ Bf8 49. Qxe4 Qa3 50. R1b7 Rxb7 51. Rxb7 Qa2 52. h5 Qa6
53. h6 Qf1+ 54. Kh4 Qa1 55. Qd5+ Kh8 56. Rf7 Bd6 57. Qxd6 Qh1+ 58. Kg5 Qh5+ 59.
Kf6 Qf5+ 60. Ke7 Qe4+ 61. Qe5+ Qxe5+ 62. fxe5 Kg8 63. Rf8# 1-0

[Event "ICS rated blitz match"]
[Site "204.178.125.65"]
[Date "2000.01.28"]
[Round "?"]
[White "Hossa"]
[Black "cushite"]
[Result "1-0"]
[WhiteElo "2323"]
[BlackElo "2041"]
[PlyCount "55"]

1. e4 c5 2. Nf3 Nc6 3. d4 cxd4 4. Nxd4 Nf6 5. Nc3 e6 6. Nxc6 bxc6 7. e5 Nd5 8.
Ne4 f5 9. Nd6+ Bxd6 10. exd6 O-O 11. c4 Nf6 12. Be2 Qa5+ 13. Bd2 Qe5 14. Bc3
Qf4 15. g3 Qe4 16. f3 Qe3 17. Bd4 Qg5 18. Qa4 f4 19. g4 e5 20. h4 Qg6 21. h5
Qe8 22. Bxa7 e4 23. O-O e3 24. Qa5 Qe6 25. Rad1 Nxg4 26. fxg4 f3 27. Bxf3 Rxf3
28. Qd8+ 1-0

[Event "ICS rated blitz match"]
[Site "204.178.125.65"]
[Date "2000.01.28"]
[Round "?"]
[White "zelopes"]
[Black "Hossa"]
[Result "1-0"]
[WhiteElo "2422"]
[BlackElo "2328"]
[PlyCount "121"]

1. e4 c5 2. Nf3 d6 3. c3 Nf6 4. Bd3 Nc6 5. O-O d5 6. e5 Ng4 7. Re1 Qb6 8. Bc2
e6 9. d4 Be7 10. a3 cxd4 11. cxd4 Bd7 12. h3 Nh6 13. Nc3 Rc8 14. Na4 Qc7 15. b4
Nxe5 16. Nc5 Nxf3+ 17. Qxf3 b6 18. Bxh6 gxh6 19. Nxd7 Qxc2 20. Nf6+ Bxf6 21.
Qxf6 O-O 22. Re3 Rc3 23. Rae1 Qd2 24. Kh2 Rfc8 25. R1e2 Qc1 26. Qxh6 Rxa3 27.
Qg5+ Kf8 28. Qh6+ Kg8 29. Re1 Qc7+ 30. f4 Rxe3 31. Rxe3 Qc2 32. Rg3+ Qg6 33. f5
exf5 34. Rxg6+ hxg6 35. Qe3 b5 36. Qe5 Rc4 37. Qxd5 Rxb4 38. Qc5 a5 39. d5 Kh7
40. d6 Rc4 41. Qxb5 Rd4 42. Qb7 Kh6 43. Qxf7 Rd2 44. d7 a4 45. Qf8+ Kh7 46.
d8=Q Rxd8 47. Qxd8 f4 48. Qa8 Kg7 49. Qxa4 f3 50. gxf3 Kf6 51. Kg3 g5 52. Qb5
Kf7 53. Kg4 Kf6 54. Qxg5+ Ke6 55. Qc5 Kf6 56. Kf4 Ke6 57. Qc6+ Ke7 58. Kf5 Kd8
59. Qb7 Ke8 60. Ke6 Kd8 61. Qb8# 1-0

[Event "ICS rated blitz match"]
[Site "204.178.125.65"]
[Date "2000.01.28"]
[Round "?"]
[White "Hossa"]
[Black "PostModernist"]
[Result "0-1"]
[WhiteElo "2316"]
[BlackElo "2515"]
[PlyCount "140"]

1. e4 c5 2. Nf3 Nc6 3. d4 cxd4 4. Nxd4 e6 5. Nc3 a6 6. Be2 Qc7 7. Nxc6 bxc6 8.
O-O Nf6 9. Re1 Bd6 10. g3 O-O 11. Qd3 Rb8 12. Bd1 c5 13. Bf3 Be5 14. b3 Bb7 15.
Bg5 c4 16. bxc4 Rfc8 17. Bxf6 gxf6 18. Rab1 Qxc4 19. Ne2 Qxc2 20. Qxd7 Bc6 21.
Qd1 Qxa2 22. Rxb8 Rxb8 23. Bg2 Qb3 24. Qc1 Qb4 25. Nf4 Rd8 26. Re2 Ba4 27. Re1
Bc3 28. Rf1 Rd2 29. Bf3 Bb5 30. Rd1 Qd4 31. Rxd2 Qxd2 32. Qxd2 Bxd2 33. Ne2 a5
34. Nd4 Bd3 35. Nb3 Bb4 36. Nd4 a4 37. Nc6 Bc3 38. Bd1 a3 39. Bb3 Bxe4 40. Na7
Bd5 41. Nb5 Bb2 42. Nxa3 Bxb3 43. Nb5 Kg7 44. Nc7 Be5 45. Nb5 Kg6 46. Na7 Bd5
47. Nc8 Kf5 48. h3 Ke4 49. Kg2 Bd4 50. Ne7 Bc5 51. f3+ Ke3 52. Ng8 Bxf3+ 53.
Kf1 f5 54. Nh6 f4 55. gxf4 f5 56. Ng8 Bd4 57. h4 Kxf4 58. Nh6 Bf6 59. Ke1 Bxh4+
60. Kd2 e5 61. Nf7 e4 62. Kc2 e3 63. Kd3 e2 64. Nh6 e1=Q 65. Kc4 Qe4+ 66. Kc5
Be7+ 67. Kb5 Qb4+ 68. Ka6 Be2+ 69. Ka7 Bc5+ 70. Ka8 Bf3# 0-1